[Event "Gütersloher SV 1 - Südlohner SV 1"]
[Site "NRW-Klasse - Gruppe 2 2019/20"]
[Date "2019.10.06"]
[Round "2.3"]
[White "Voelker, Christian"]
[Black "Wulfhorst, Noah"]
[Result "1-0"]
[WhiteElo "2078"]
[BlackElo "1973"]
[PlyCount "49"]
[EventDate "2019.??.??"]
[SourceVersionDate "2020.03.16"]
[WhiteTeam "Südlohner SV 1"]
[BlackTeam "Gütersloher SV 1"]

1. d4 Nf6 2. Nc3 c5 3. d5 g6 4. e4 d6 5. f4 Bg7 6. Bb5+ Bd7 7. a4 O-O 8. h3 e6
9. dxe6 Bxe6 10. Nf3 a6 11. Be2 d5 12. e5 Nh5 13. Kf2 Bh6 14. f5 Bxc1 15. Qxc1
d4 16. Qh6 dxc3 17. Rad1 Qb6 18. a5 Qb4 19. Ng5 Qf4+ 20. Bf3 Re8 21. fxe6 fxe6
22. Qxh7+ Kf8 23. Nxe6+ Rxe6 24. Rd8+ Re8 25. Qh8+ 1-0

[Event "Gütersloher SV 1 - Südlohner SV 1"]
[Site "NRW-Klasse - Gruppe 2 2019/20"]
[Date "2019.10.06"]
[Round "2.4"]
[White "Neumann, Theodor"]
[Black "van Lith, Arjan"]
[Result "0-1"]
[WhiteElo "1927"]
[BlackElo "2188"]
[PlyCount "86"]
[EventDate "2019.??.??"]
[SourceVersionDate "2020.03.16"]
[WhiteTeam "Gütersloher SV 1"]
[BlackTeam "Südlohner SV 1"]

1. e4 c5 2. Nc3 Nc6 3. f4 g6 4. Nf3 Bg7 5. Bb5 e6 6. Bxc6 dxc6 7. e5 f5 8. exf6
Nxf6 9. d3 Nd5 10. Ne4 O-O 11. Nxc5 Qa5+ 12. c3 Qxc5 13. d4 Qc4 14. g3 c5 15.
Kf2 cxd4 16. cxd4 Bd7 17. b3 Qc3 18. Ba3 Rfc8 19. Re1 Qc2+ 20. Qe2 Qxe2+ 21.
Rxe2 Nc3 22. Re3 Nb5 23. Bb2 Rc2+ 24. Re2 Rac8 25. Rae1 Rxe2+ 26. Rxe2 Nc3 27.
Bxc3 Rxc3 28. d5 exd5 29. Re7 Bc6 30. Rc7 h6 31. Nh4 Bd4+ 32. Kg2 Bb6 33. Re7
d4+ 34. Kf1 Bd8 35. Re6 Bxh4 36. gxh4 Kf7 37. Re5 Rf3+ 38. Ke2 Rxf4 39. Kd3
Rxh4 40. Re1 Bb5+ 41. Kd2 Rxh2+ 42. Kd1 Bc6 43. Re5 Bf3+ 0-1

[Event "Gütersloher SV 1 - Südlohner SV 1"]
[Site "NRW-Klasse - Gruppe 2 2019/20"]
[Date "2019.10.06"]
[Round "2.5"]
[White "Funke, Reinhard"]
[Black "Hanhoerster, Stephan"]
[Result "0-1"]
[WhiteElo "2050"]
[BlackElo "1998"]
[PlyCount "96"]
[EventDate "2019.??.??"]
[SourceVersionDate "2020.03.16"]
[WhiteTeam "Südlohner SV 1"]
[BlackTeam "Gütersloher SV 1"]

1. d4 d5 2. c4 dxc4 3. e3 e5 4. Bxc4 exd4 5. exd4 Nf6 6. Qb3 Qe7+ 7. Ne2 Qb4+
8. Nbc3 Qxb3 9. Bxb3 Bd6 10. Bg5 Nbd7 11. Nb5 Ne4 12. Nxd6+ Nxd6 13. Bf4 O-O
14. Rc1 Re8 15. Rxc7 Nb5 16. Rc4 Nb6 17. Rb4 Bd7 18. a4 a5 19. Rxb5 Bxb5 20.
axb5 a4 21. Ba2 a3 22. b4 Rac8 23. Kd1 Rxe2 24. Kxe2 Rc2+ 25. Kd3 Rxa2 26. Re1
g5 27. Bxg5 Rxf2 28. Bd8 Nd5 29. Kc4 Nf4 30. Re8+ Kg7 31. Bh4 Rxg2 32. Ra8 a2
33. Bg3 Nh5 34. Kc5 f5 35. Be5+ Kg6 36. d5 Re2 37. Ba1 Nf6 38. Kb6 Nxd5+ 39.
Kxb7 Nxb4 40. Ra4 Re4 41. b6 f4 42. Kc8 f3 43. Ra7 Rc4+ 44. Kd7 f2 45. b7 f1=Q
46. b8=Q Qf7+ 47. Kd6 Rc6+ 48. Ke5 Re6+ 0-1

[Event "Gütersloher SV 1 - Südlohner SV 1"]
[Site "NRW-Klasse - Gruppe 2 2019/20"]
[Date "2019.10.06"]
[Round "2.6"]
[White "Lueckner, Andreas"]
[Black "Teloeken, Andreas"]
[Result "1/2-1/2"]
[WhiteElo "1933"]
[BlackElo "2025"]
[PlyCount "110"]
[EventDate "2019.??.??"]
[SourceVersionDate "2020.03.16"]
[WhiteTeam "Gütersloher SV 1"]
[BlackTeam "Südlohner SV 1"]

1. d4 d5 2. c4 e6 3. Nf3 Nf6 4. Nc3 Be7 5. cxd5 exd5 6. Bg5 c6 7. Qc2 O-O 8. e3
Re8 9. Bd3 Ne4 10. Bxe4 dxe4 11. Bxe7 Qxe7 12. Nd2 Bf5 13. Ne2 Na6 14. a3 Nc7
15. O-O Nd5 16. Nc3 Nf6 17. Ne2 Rad8 18. Rfc1 Bg4 19. Nf1 Qd7 20. h3 Bf5 21.
Nfg3 Nd5 22. Nxf5 Qxf5 23. Ng3 Qg6 24. Qe2 Rd6 25. Qh5 Nxe3 26. Qxg6 Rxg6 27.
fxe3 Rxg3 28. Kf2 Rg6 29. b4 Rg5 30. Rc5 Rxc5 31. bxc5 f5 32. a4 Kf7 33. a5 a6
34. Rb1 Re7 35. Kg3 g5 36. h4 h6 37. hxg5 hxg5 38. Rh1 Kg6 39. Rh8 Rf7 40. Rg8+
Kf6 41. Re8 Re7 42. Rf8+ Ke6 43. Rg8 Kf6 44. Rf8+ Kg6 45. Rg8+ Rg7 46. Rf8 Rd7
47. Rg8+ Kh6 48. Rh8+ Kg7 49. Re8 Kf7 50. Rh8 Ke6 51. Rg8 Kf6 52. Rf8+ Kg6 53.
Rg8+ Kh6 54. Rh8+ Kg7 55. Re8 Kf7 1/2-1/2

[Event "Gütersloher SV 1 - Südlohner SV 1"]
[Site "NRW-Klasse - Gruppe 2 2019/20"]
[Date "2019.10.06"]
[Round "2.7"]
[White "Teloeken, Daniel"]
[Black "Asani, Baskim"]
[Result "0-1"]
[WhiteElo "1943"]
[BlackElo "1923"]
[PlyCount "76"]
[EventDate "2019.??.??"]
[SourceVersionDate "2020.03.16"]
[WhiteTeam "Südlohner SV 1"]
[BlackTeam "Gütersloher SV 1"]

1. c4 e5 2. g3 f5 3. Bg2 Nf6 4. Nc3 Nc6 5. a3 g6 6. b4 Bg7 7. b5 Ne7 8. Rb1 O-O
9. d3 d6 10. Nf3 h6 11. O-O g5 12. Nd5 Nfxd5 13. cxd5 Ng6 14. Bb2 g4 15. Nd2 h5
16. a4 h4 17. a5 Rf7 18. b6 axb6 19. axb6 cxb6 20. Qb3 Bd7 21. Nc4 Bf8 22. Nxb6
Rb8 23. Ba3 Be8 24. Nc4 Qf6 25. Qb6 Rd8 26. Na5 Rh7 27. Nxb7 Rdd7 28. Nc5 f4
29. Nxd7 Bxd7 30. Be4 f3 31. exf3 gxf3 32. Qe3 Rf7 33. Bxg6 Qxg6 34. Rb2 Bh3
35. Qe4 Qh5 36. Rb8 hxg3 37. fxg3 f2+ 38. Kh1 Bxf1 0-1

[Event "Gütersloher SV 1 - Südlohner SV 1"]
[Site "NRW-Klasse - Gruppe 2 2019/20"]
[Date "2019.10.06"]
[Round "2.8"]
[White "Punsaem, Gap"]
[Black "Harbers, Gerard"]
[Result "1/2-1/2"]
[WhiteElo "1949"]
[BlackElo "1883"]
[PlyCount "99"]
[EventDate "2019.??.??"]
[SourceVersionDate "2020.03.16"]
[WhiteTeam "Gütersloher SV 1"]
[BlackTeam "Südlohner SV 1"]

1. e4 e5 2. Nf3 Nc6 3. Bb5 a6 4. Ba4 Nf6 5. O-O Be7 6. Re1 b5 7. Bb3 d6 8. c3
O-O 9. h3 Na5 10. Bc2 c5 11. d4 Nd7 12. Be3 Nc4 13. Bc1 Bb7 14. b3 Ncb6 15.
Nbd2 Qc7 16. dxe5 Nxe5 17. Nxe5 dxe5 18. c4 Rfd8 19. Qe2 Bg5 20. Nf1 Bxc1 21.
Raxc1 bxc4 22. bxc4 Rd4 23. Ne3 Bxe4 24. Bxe4 Rxe4 25. Qf3 Rf4 26. Nd5 Nxd5 27.
Qxd5 Re8 28. Rb1 Rd4 29. Rb7 Rxd5 30. Rxc7 Rdd8 31. Rxc5 f6 32. Rc7 Rc8 33. Ra7
Ra8 34. Rb7 Reb8 35. Reb1 Rxb7 36. Rxb7 Rc8 37. Ra7 Rxc4 38. Rxa6 Rc2 39. a4
Kf7 40. a5 Ra2 41. Ra7+ Kg6 42. a6 h5 43. g3 Kf5 44. Ra8 g6 45. h4 Ke4 46. Kg2
Kf5 47. a7 e4 48. Kf1 Ra6 49. Ke2 Ra3 50. Kf1 1/2-1/2

[Event "SG Turm Raesfeld/Erle 1 - SV Sundern 1"]
[Site "NRW-Klasse - Gruppe 2 2019/20"]
[Date "2019.10.06"]
[Round "2.1"]
[White "Hoffmann, Michael"]
[Black "Wilger, Frank"]
[Result "1/2-1/2"]
[WhiteElo "2426"]
[BlackElo "2097"]
[PlyCount "87"]
[EventDate "2019.??.??"]
[SourceVersionDate "2020.03.16"]
[WhiteTeam "SV Sundern 1"]
[BlackTeam "SG Turm Raesfeld/Erle 1"]

1. c4 e5 2. Nc3 Nf6 3. Nf3 Nc6 4. g3 d5 5. cxd5 Nxd5 6. Bg2 Be6 7. O-O Be7 8.
d4 Nxc3 9. bxc3 exd4 10. Nxd4 Nxd4 11. cxd4 c6 12. e4 O-O 13. d5 cxd5 14. exd5
Bf5 15. Bf4 Bd6 16. Qf3 Bg6 17. h4 h5 18. Rfe1 Qf6 19. Bxd6 Qxd6 20. Qb3 Rab8
21. Rac1 Rfd8 22. Qe3 a6 23. Qe7 Qxe7 24. Rxe7 Kf8 25. Rcc7 b5 26. Ra7 b4 27.
Be4 Bxe4 28. Rxe4 Rxd5 29. Rf4 f5 30. Rxa6 Rdb5 31. Ra7 g6 32. Rc4 R5b7 33. Ra6
Rb6 34. Rc8+ Kf7 35. Rc7+ Ke6 36. Rg7 Kd5 37. Ra5+ Kd4 38. Kg2 Rc8 39. Kf3 Kc3
40. Kf4 Rc4+ 41. Kg5 Rg4+ 42. Kh6 f4 43. Rc7+ Kd3 44. Re7 1/2-1/2

[Event "SG Turm Raesfeld/Erle 1 - SV Sundern 1"]
[Site "NRW-Klasse - Gruppe 2 2019/20"]
[Date "2019.10.06"]
[Round "2.2"]
[White "Pollok, Ralf"]
[Black "Stolte, Alexander"]
[Result "0-1"]
[WhiteElo "2035"]
[BlackElo "2170"]
[PlyCount "36"]
[EventDate "2019.??.??"]
[SourceVersionDate "2020.03.16"]
[WhiteTeam "SG Turm Raesfeld/Erle 1"]
[BlackTeam "SV Sundern 1"]

1. e4 c5 2. Nf3 Nc6 3. Bd3 e5 4. c3 g6 5. O-O Bg7 6. Bc2 Nge7 7. d3 O-O 8. Na3
b6 9. Qe2 h6 10. Nc4 d6 11. h3 g5 12. Ne3 f5 13. Bb3+ Kh8 14. Nxg5 Qe8 15. Ne6
Bxe6 16. Bxe6 f4 17. Nf5 Qg6 18. Nxg7 f3 0-1

[Event "SG Turm Raesfeld/Erle 1 - SV Sundern 1"]
[Site "NRW-Klasse - Gruppe 2 2019/20"]
[Date "2019.10.06"]
[Round "2.3"]
[White "Schober, Ralf"]
[Black "Greifenberg, Daniel"]
[Result "0-1"]
[WhiteElo "2010"]
[BlackElo "2047"]
[PlyCount "54"]
[EventDate "2019.??.??"]
[SourceVersionDate "2020.03.16"]
[WhiteTeam "SV Sundern 1"]
[BlackTeam "SG Turm Raesfeld/Erle 1"]

1. Nf3 d5 2. d4 Nf6 3. e3 Bg4 4. h3 Bh5 5. g4 Bg6 6. Ne5 Nfd7 7. h4 Nxe5 8.
dxe5 h5 9. g5 Nc6 10. f4 Qd7 11. Bd3 Bf5 12. Bxf5 Qxf5 13. Qd3 Qg4 14. Qe2 f6
15. Bd2 Qxe2+ 16. Kxe2 fxe5 17. f5 e6 18. fxe6 Ke7 19. c4 d4 20. e4 Kxe6 21.
Be1 Bb4 22. Bg3 Rad8 23. a3 Be7 24. Kd3 Rhf8 25. Nd2 Rf7 26. Rhf1 Rdf8 27. Rfb1
Rf3+ 0-1

[Event "SG Turm Raesfeld/Erle 1 - SV Sundern 1"]
[Site "NRW-Klasse - Gruppe 2 2019/20"]
[Date "2019.10.06"]
[Round "2.4"]
[White "Borutta, Niklas"]
[Black "Tillmann, Markus"]
[Result "1-0"]
[WhiteElo "2019"]
[BlackElo "2073"]
[PlyCount "81"]
[EventDate "2019.??.??"]
[SourceVersionDate "2020.03.16"]
[WhiteTeam "SG Turm Raesfeld/Erle 1"]
[BlackTeam "SV Sundern 1"]

1. d4 Nf6 2. Nf3 c5 3. d5 e6 4. c4 exd5 5. cxd5 d6 6. Nc3 g6 7. e4 Bg7 8. Be2
O-O 9. O-O a6 10. a4 Re8 11. Nd2 Nbd7 12. a5 Ne5 13. f4 Neg4 14. Nb3 b5 15. h3
b4 16. Na4 Nh6 17. Nb6 Ra7 18. e5 Ne4 19. Bf3 Ng3 20. Re1 Nhf5 21. exd6 Nxd6
22. Rxe8+ Qxe8 23. Kh2 Nge4 24. Bxe4 Nxe4 25. Qg1 Rc7 26. Be3 c4 27. Nd4 Qd8
28. Rc1 c3 29. bxc3 bxc3 30. Nc6 Qe8 31. Bd4 Bb7 32. Bxg7 Kxg7 33. Qd4+ Kg8 34.
Ne5 Nd6 35. Ng4 Qe2 36. Nh6+ Kf8 37. Qf6 Ne8 38. Qh8+ Ke7 39. Rxc3 Rxc3 40.
Qxc3 Qf2 41. Qe5+ 1-0

[Event "SG Turm Raesfeld/Erle 1 - SV Sundern 1"]
[Site "NRW-Klasse - Gruppe 2 2019/20"]
[Date "2019.10.06"]
[Round "2.5"]
[White "Kevekordes, Peter"]
[Black "Broemmel, Rudolf"]
[Result "1/2-1/2"]
[WhiteElo "1910"]
[BlackElo "1940"]
[PlyCount "25"]
[EventDate "2019.??.??"]
[SourceVersionDate "2020.03.16"]
[WhiteTeam "SV Sundern 1"]
[BlackTeam "SG Turm Raesfeld/Erle 1"]

1. e4 Nc6 2. Nf3 d6 3. d4 Bg4 4. Bb5 a6 5. Bxc6+ bxc6 6. h3 Bh5 7. Nc3 Nf6 8.
Qd3 Bxf3 9. Qxf3 d5 10. Bg5 Nxe4 11. Nxe4 dxe4 12. Qxe4 Qd5 13. Qxd5 1/2-1/2

[Event "SG Turm Raesfeld/Erle 1 - SV Sundern 1"]
[Site "NRW-Klasse - Gruppe 2 2019/20"]
[Date "2019.10.06"]
[Round "2.6"]
[White "Hoffmann, Fabian"]
[Black "Schulte, Josef"]
[Result "0-1"]
[WhiteElo "1962"]
[BlackElo "1889"]
[PlyCount "98"]
[EventDate "2019.??.??"]
[SourceVersionDate "2020.03.16"]
[WhiteTeam "SG Turm Raesfeld/Erle 1"]
[BlackTeam "SV Sundern 1"]

1. e4 c5 2. Nf3 e6 3. d4 cxd4 4. Nxd4 Nc6 5. Nc3 Qc7 6. Be3 a6 7. Be2 b5 8. a3
Bb7 9. Nxc6 dxc6 10. O-O Rd8 11. Qe1 Nf6 12. f4 c5 13. e5 Ne4 14. Bf3 Nxc3 15.
Qxc3 Bxf3 16. Rxf3 Be7 17. g4 Rd5 18. Bf2 O-O 19. Re1 Rfd8 20. h4 c4 21. b4 Rd1
22. f5 Qc6 23. f6 Bf8 24. Qe3 Qd5 25. fxg7 Bxg7 26. Qf4 Rd7 27. Rfe3 Qd2 28.
Qe4 Rd5 29. g5 Bxe5 30. Rxd1 Qxd1+ 31. Re1 Qd2 32. Rf1 Qf4 33. Qxf4 Bxf4 34.
Re1 e5 35. Re2 Kg7 36. Kg2 h6 37. gxh6+ Kxh6 38. Kf3 f5 39. Re1 Rd2 40. Rg1
Rxc2 41. Bc5 Rc3+ 42. Ke2 Rxa3 43. Rg8 c3 44. Kd3 Bd2 45. Be7 e4+ 46. Ke2 f4
47. Bf6 f3+ 48. Kf2 c2 49. h5 Kxh5 0-1

[Event "SG Turm Raesfeld/Erle 1 - SV Sundern 1"]
[Site "NRW-Klasse - Gruppe 2 2019/20"]
[Date "2019.10.06"]
[Round "2.7"]
[White "Hoeffner, Horst"]
[Black "Bergemann, Martin"]
[Result "1/2-1/2"]
[WhiteElo "1677"]
[BlackElo "1920"]
[PlyCount "41"]
[EventDate "2019.??.??"]
[SourceVersionDate "2020.03.16"]
[WhiteTeam "SV Sundern 1"]
[BlackTeam "SG Turm Raesfeld/Erle 1"]

1. d4 Nf6 2. Nc3 d5 3. e4 dxe4 4. f3 e3 5. Bxe3 Bf5 6. Bd3 Bxd3 7. Qxd3 Nbd7 8.
Nge2 e6 9. O-O Be7 10. Ne4 O-O 11. Rad1 c6 12. c4 Qc7 13. Bf4 Qa5 14. Kh1 e5
15. Bd2 Qc7 16. d5 cxd5 17. cxd5 Nc5 18. Nxc5 Bxc5 19. Rc1 Qd6 20. Nc3 Bb6 21.
Ne4 1/2-1/2

[Event "SG Turm Raesfeld/Erle 1 - SV Sundern 1"]
[Site "NRW-Klasse - Gruppe 2 2019/20"]
[Date "2019.10.06"]
[Round "2.8"]
[White "Fasselt, Hendrik"]
[Black "Ibraimi, Shefket"]
[Result "1-0"]
[WhiteElo "1836"]
[BlackElo "1465"]
[PlyCount "145"]
[EventDate "2019.??.??"]
[SourceVersionDate "2020.03.16"]
[WhiteTeam "SG Turm Raesfeld/Erle 1"]
[BlackTeam "SV Sundern 1"]

1. b3 Nf6 2. Bb2 b6 3. e3 Bb7 4. Nf3 d6 5. d4 g6 6. Be2 Bg7 7. O-O O-O 8. Nbd2
Nbd7 9. c4 d5 10. Rc1 c5 11. Qc2 Rc8 12. Qb1 Re8 13. Rfd1 e6 14. a3 a5 15. Bd3
Qe7 16. h3 Ba6 17. e4 dxe4 18. Nxe4 Nxe4 19. Bxe4 Nf6 20. Bc2 Bh6 21. Nd2 Bb7
22. Qa1 Rcd8 23. Rb1 Bxd2 24. Rxd2 Ne4 25. Re2 Ng5 26. f4 Nxh3+ 27. gxh3 Qh4
28. Be4 Qg3+ 29. Bg2 Bxg2 30. Rxg2 Qe3+ 31. Rf2 cxd4 32. Kg2 Qe4+ 33. Kh2 f6
34. Re1 Qd3 35. Rd1 Qf5 36. Qb1 d3 37. Rdf1 Rd7 38. Qd1 h5 39. Qd2 Rf8 40. Rg1
Kh7 41. Rg3 Rg8 42. Qe3 Rgd8 43. Rd2 Rd6 44. Rg1 R8d7 45. Re1 Rf7 46. Kg2 Kh6
47. Qe4 Qc5 48. Rxd3 f5 49. Qf3 Rfd7 50. Red1 g5 51. fxg5+ Kg6 52. Rxd6 Rxd6
53. Rxd6 Qxd6 54. Qe3 h4 55. Be5 Qd1 56. Bc3 Qc2+ 57. Bd2 Kf7 58. g6+ Kf6 59.
Kf2 e5 60. Qxb6+ Kg7 61. Qe3 Kxg6 62. Ke2 Kf6 63. Qd3 Qb2 64. Qd6+ Kf7 65. Qd5+
Kf6 66. c5 f4 67. c6 Qc2 68. Qd6+ Kf5 69. Qd3+ Qxd3+ 70. Kxd3 e4+ 71. Kd4 e3
72. Bxe3 fxe3 73. Kxe3 1-0

[Event "Südlohner SV 1 - SV Soest 1"]
[Site "NRW-Klasse - Gruppe 2 2019/20"]
[Date "2019.11.03"]
[Round "3.1"]
[White "Tscheuschner, Tobias"]
[Black "Michalczak, Thomas"]
[Result "1/2-1/2"]
[WhiteElo "2093"]
[BlackElo "2268"]
[Annotator "Daniel"]
[PlyCount "112"]
[EventDate "2019.??.??"]
[SourceVersionDate "2020.03.16"]
[WhiteTeam "SV Soest 1"]
[BlackTeam "Südlohner SV 1"]

1. Nf3 c5 2. c4 Nf6 3. b3 g6 4. Bb2 Bg7 5. e3 O-O 6. Be2 b6 7. O-O Bb7 8. d4 e6
9. Nc3 Nc6 10. dxc5 bxc5 11. Qd6 Qe7 12. Rad1 Rfd8 13. Nb5 Ne4 14. Qxe7 Nxe7
15. Bxg7 Kxg7 16. Nd2 a6 17. Nxe4 Bxe4 18. Nc3 Bc6 19. Rd2 Nf5 20. Rfd1 Kf8 21.
Kf1 Ke7 22. Bf3 Bxf3 23. gxf3 d6 24. Ke2 $11 g5 25. Ne4 f6 26. Ng3 Nxg3+ 27.
fxg3 f5 28. g4 fxg4 29. fxg4 a5 30. Rf1 a4 31. Kd3 axb3 32. axb3 Rf8 33. Rdf2
Rxf2 34. Rxf2 Rb8 35. Kc3 h5 36. gxh5 Rh8 37. h3 Rxh5 38. Rf3 Rh4 39. Kd3 e5
40. Rf5 e4+ 41. Kd2 Rxh3 42. Rxg5 Rh2+ 43. Kc3 Re2 44. Rg3 Kf6 45. b4 cxb4+ 46.
Kxb4 Rf2 47. c5 Rf3 48. Rg8 dxc5+ 49. Kxc5 Rxe3 50. Kd4 Re1 51. Re8 Kf5 52.
Rf8+ Kg4 53. Rg8+ Kf5 54. Rf8+ Kg6 55. Re8 Rd1+ 56. Ke3 Re1+ 1/2-1/2

[Event "Südlohner SV 1 - SV Soest 1"]
[Site "NRW-Klasse - Gruppe 2 2019/20"]
[Date "2019.11.03"]
[Round "3.2"]
[White "Kolakovic, Klaudio"]
[Black "Breker, Roland"]
[Result "1/2-1/2"]
[WhiteElo "2101"]
[BlackElo "2023"]
[PlyCount "71"]
[EventDate "2019.??.??"]
[SourceVersionDate "2020.03.16"]
[WhiteTeam "Südlohner SV 1"]
[BlackTeam "SV Soest 1"]

1. d4 f5 2. Bg5 h6 3. Bh4 g5 4. e3 Nf6 5. Be2 e6 6. Bg3 d6 7. Bh5+ Nxh5 8.
Qxh5+ Ke7 9. Nc3 Qe8 10. Qe2 Bg7 11. O-O-O a6 12. h4 Nd7 13. hxg5 hxg5 14. Nf3
Qg6 15. Rxh8 Bxh8 16. Rh1 Bg7 17. Nxg5 Nf6 18. Nh3 Nh5 19. Bh4+ Kd7 20. g3 b5
21. Rg1 Bb7 22. g4 fxg4 23. Rxg4 Qf5 24. Nf4 Bh6 25. Nxh5 Bf3 26. Rf4 Bxf4 27.
Qxf3 Bxe3+ 28. Qxe3 Qxh5 29. Bg3 Rh8 30. Ne2 Qd5 31. b3 a5 32. Nf4 Qf5 33. Qd3
Qg5 34. Qg6 Qxg6 35. Nxg6 Rh1+ 36. Kb2 1/2-1/2

[Event "Südlohner SV 1 - SV Soest 1"]
[Site "NRW-Klasse - Gruppe 2 2019/20"]
[Date "2019.11.03"]
[Round "3.3"]
[White "Nolte, Klaus"]
[Black "Voelker, Christian"]
[Result "1/2-1/2"]
[WhiteElo "1948"]
[BlackElo "2078"]
[PlyCount "42"]
[EventDate "2019.??.??"]
[SourceVersionDate "2020.03.16"]
[WhiteTeam "SV Soest 1"]
[BlackTeam "Südlohner SV 1"]

1. e4 c5 2. Nc3 Nc6 3. g3 g6 4. Bg2 Bg7 5. d3 d6 6. Be3 Rb8 7. Qd2 b5 8. f4 Nd4
9. Nd1 e5 10. c3 Nc6 11. Nf3 Bg4 12. O-O exf4 13. Bxf4 Nge7 14. Bh6 O-O 15.
Bxg7 Kxg7 16. Ne3 Bxf3 17. Rxf3 Ne5 18. Rf2 Qa5 19. h3 b4 20. d4 bxc3 21. bxc3
cxd4 1/2-1/2

[Event "Südlohner SV 1 - SV Soest 1"]
[Site "NRW-Klasse - Gruppe 2 2019/20"]
[Date "2019.11.03"]
[Round "3.4"]
[White "van Lith, Arjan"]
[Black "Gerard, Marcel"]
[Result "1/2-1/2"]
[WhiteElo "2188"]
[BlackElo "1948"]
[PlyCount "72"]
[EventDate "2019.??.??"]
[SourceVersionDate "2020.03.16"]
[WhiteTeam "Südlohner SV 1"]
[BlackTeam "SV Soest 1"]

1. e4 c5 2. Nf3 g6 3. c3 Bg7 4. d4 cxd4 5. cxd4 d5 6. exd5 Nf6 7. Nc3 Nxd5 8.
h3 O-O 9. Bc4 Nb6 10. Bb3 Nc6 11. Be3 Na5 12. Bc2 Be6 13. O-O Nd5 14. Nxd5 Bxd5
15. Ne5 Nc4 16. Nxc4 Bxc4 17. Re1 e6 18. Be4 Bd5 19. Qf3 Bxe4 20. Qxe4 Qd7 21.
Rac1 Rac8 22. Rc3 Rxc3 23. bxc3 Rc8 24. Rb1 b6 25. Rb3 Bf8 26. Bg5 h6 27. Bd2
b5 28. h4 a6 29. h5 g5 30. f4 f5 31. Qb1 g4 32. a4 bxa4 33. Rb6 Rc6 34. Rb7 Rc7
35. Rb6 Rc6 36. Rb7 Rc7 1/2-1/2

[Event "Südlohner SV 1 - SV Soest 1"]
[Site "NRW-Klasse - Gruppe 2 2019/20"]
[Date "2019.11.03"]
[Round "3.5"]
[White "Luimes, Werner"]
[Black "Doennebrink, Elmar"]
[Result "0-1"]
[WhiteElo "1847"]
[BlackElo "2075"]
[PlyCount "50"]
[EventDate "2019.??.??"]
[SourceVersionDate "2020.03.16"]
[WhiteTeam "SV Soest 1"]
[BlackTeam "Südlohner SV 1"]

1. e4 c5 2. Nf3 d6 3. d4 cxd4 4. Nxd4 Nf6 5. Nc3 g6 6. Be2 Bg7 7. Be3 Nc6 8.
Nb3 O-O 9. O-O Be6 10. f4 Na5 11. Nxa5 Qxa5 12. a3 a6 13. g4 Rac8 14. f5 Bc4
15. g5 Nd7 16. f6 exf6 17. b4 Qe5 18. Bxc4 Rxc4 19. Nd5 fxg5 20. Qd3 Rxe4 21.
Rae1 Re8 22. c3 h5 23. Kh1 f5 24. Bd2 Nf6 25. Nxf6+ Bxf6 0-1

[Event "Südlohner SV 1 - SV Soest 1"]
[Site "NRW-Klasse - Gruppe 2 2019/20"]
[Date "2019.11.03"]
[Round "3.6"]
[White "Funke, Reinhard"]
[Black "Schwarzkopp, Franz"]
[Result "1-0"]
[WhiteElo "2050"]
[BlackElo "1793"]
[PlyCount "31"]
[EventDate "2019.??.??"]
[SourceVersionDate "2020.03.16"]
[WhiteTeam "Südlohner SV 1"]
[BlackTeam "SV Soest 1"]

1. d4 Nf6 2. Nf3 c6 3. c4 d5 4. e3 e6 5. Nc3 Bd6 6. Be2 Nbd7 7. O-O O-O 8. Qc2
Re8 9. Rd1 Qe7 10. h3 dxc4 11. Bxc4 e5 12. Ng5 Rf8 13. d5 Nb6 14. dxc6 Nxc4 15.
Nd5 Nxd5 16. Qxh7# 1-0

[Event "Südlohner SV 1 - SV Soest 1"]
[Site "NRW-Klasse - Gruppe 2 2019/20"]
[Date "2019.11.03"]
[Round "3.7"]
[White "Giricz, Thomas"]
[Black "Teloeken, Andreas"]
[Result "0-1"]
[WhiteElo "1823"]
[BlackElo "2025"]
[PlyCount "88"]
[EventDate "2019.??.??"]
[SourceVersionDate "2020.03.16"]
[WhiteTeam "SV Soest 1"]
[BlackTeam "Südlohner SV 1"]

1. e4 c6 2. d4 d5 3. exd5 cxd5 4. c4 Nf6 5. Nc3 e6 6. Nf3 Bb4 7. Bd2 Nc6 8. a3
Bxc3 9. Bxc3 Ne4 10. Qc2 Bd7 11. c5 a5 12. Bd3 f5 13. Bd2 Nxd2 14. Qxd2 a4 15.
Qe3 Qa5+ 16. Nd2 O-O 17. f4 Rab8 18. O-O Nxd4 19. Qxd4 Qxd2 20. Rad1 Qa5 21.
Rfe1 Rbc8 22. Rc1 Rc7 23. Rc3 Rcc8 24. Re3 Rf6 25. Rg3 Kf7 26. Re3 Bb5 27. Bc2
Qa6 28. g4 fxg4 29. f5 Bd7 30. Qxg4 exf5 31. Qd4 Qc6 32. b4 Rg6+ 33. Rg3 Re8
34. Rcf3 Rxg3+ 35. Rxg3 g6 36. Bd3 Qe6 37. Kg2 Qe5 38. Qf2 d4 39. Bc4+ Kg7 40.
Rd3 Bc6+ 41. Kg1 Rd8 42. Qh4 Rd7 43. Rh3 h5 44. Rg3 Re7 0-1

[Event "Südlohner SV 1 - SV Soest 1"]
[Site "NRW-Klasse - Gruppe 2 2019/20"]
[Date "2019.11.03"]
[Round "3.8"]
[White "Hater, Wolfgang"]
[Black "Dongash, Viktor"]
[Result "1-0"]
[WhiteElo "1997"]
[BlackElo "1756"]
[PlyCount "85"]
[EventDate "2019.??.??"]
[SourceVersionDate "2020.03.16"]
[WhiteTeam "Südlohner SV 1"]
[BlackTeam "SV Soest 1"]

1. e4 c5 2. Be2 Nc6 3. Nf3 e5 4. O-O Nf6 5. d3 h6 6. c3 Be7 7. Nbd2 d5 8. Re1
O-O 9. exd5 Nxd5 10. Nc4 Qc7 11. a4 Bf5 12. Bf1 f6 13. Nh4 Bh7 14. g3 g5 15.
Nf3 Kg7 16. a5 Rad8 17. Qb3 Bg8 18. h4 Rfe8 19. hxg5 hxg5 20. Qd1 Bf7 21. Nfd2
b5 22. axb6 axb6 23. Ne4 b5 24. Na3 Qb8 25. Qf3 Na5 26. Bh3 Nb3 27. Rb1 Nxc1
28. Rbxc1 Nc7 29. Nc2 Rh8 30. Bg4 Nd5 31. Rcd1 Rh6 32. Kg2 Rdh8 33. Rh1 Rxh1
34. Rxh1 Rxh1 35. Kxh1 c4 36. d4 b4 37. dxe5 Qxe5 38. Nd4 Bc5 39. Nxc5 Nxc3 40.
Nce6+ Bxe6 41. Nxe6+ Kf7 42. bxc3 b3 43. Qb7+ 1-0

[Event "SK Münster 3 - Gütersloher SV 1"]
[Site "NRW-Klasse - Gruppe 2 2019/20"]
[Date "2019.11.03"]
[Round "3.1"]
[White "Plaßmann, Dominik"]
[Black "Seegers, Hendrik"]
[Result "1/2-1/2"]
[WhiteElo "2106"]
[BlackElo "2088"]
[PlyCount "22"]
[EventDate "2019.??.??"]
[SourceVersionDate "2020.03.16"]
[WhiteTeam "Gütersloher SV 1"]
[BlackTeam "SK Münster 3"]

1. e4 c6 2. d4 d5 3. Nc3 dxe4 4. Nxe4 Nf6 5. Nxf6+ exf6 6. Nf3 Bg4 7. Be2 Bd6
8. O-O O-O 9. h3 Bh5 10. Be3 Re8 11. c4 Qc7 1/2-1/2

[Event "SK Münster 3 - Gütersloher SV 1"]
[Site "NRW-Klasse - Gruppe 2 2019/20"]
[Date "2019.11.03"]
[Round "3.2"]
[White "Mueschenich, Stefan"]
[Black "Janyska, Dennis"]
[Result "1/2-1/2"]
[WhiteElo "2073"]
[BlackElo "2050"]
[PlyCount "25"]
[EventDate "2019.??.??"]
[SourceVersionDate "2020.03.16"]
[WhiteTeam "SK Münster 3"]
[BlackTeam "Gütersloher SV 1"]

1. b3 d5 2. Bb2 Bg4 3. g3 e6 4. Bg2 Nf6 5. Nf3 Bd6 6. c4 Nbd7 7. O-O O-O 8. d3
Qe7 9. Nc3 c6 10. h3 Bxf3 11. Bxf3 Ba3 12. Qc1 Bxb2 13. Qxb2 1/2-1/2

[Event "SK Münster 3 - Gütersloher SV 1"]
[Site "NRW-Klasse - Gruppe 2 2019/20"]
[Date "2019.11.03"]
[Round "3.3"]
[White "Grochtmann, Stephan"]
[Black "Niermann, Rainer"]
[Result "1/2-1/2"]
[WhiteElo "2018"]
[BlackElo "1997"]
[PlyCount "97"]
[EventDate "2019.??.??"]
[SourceVersionDate "2020.03.16"]
[WhiteTeam "Gütersloher SV 1"]
[BlackTeam "SK Münster 3"]

1. e4 e6 2. d4 d5 3. Bd3 dxe4 4. Bxe4 Nf6 5. Bf3 c5 6. Ne2 Nc6 7. Be3 cxd4 8.
Nxd4 Nxd4 9. Qxd4 Qxd4 10. Bxd4 Bd6 11. Nc3 e5 12. Nb5 Bb8 13. Bc5 e4 14. Be2
Bd7 15. O-O-O a6 16. Nd6+ Bxd6 17. Rxd6 O-O 18. Rhd1 Rfc8 19. Bd4 Be6 20. Rb6
Rc7 21. Be5 Re7 22. Rd4 Ng4 23. Bxg4 Bxg4 24. Rxe4 Rd8 25. f3 Bf5 26. Bf6 Rxe4
27. fxe4 gxf6 28. exf5 Rd5 29. Rxb7 Rxf5 30. Rb3 Rf1+ 31. Kd2 Rf2+ 32. Kd3 Kf8
33. Rb8+ Ke7 34. Rh8 Rxg2 35. Rxh7 f5 36. b4 f4 37. a4 f3 38. Rh3 f2 39. Ke2
f1=Q+ 40. Kxf1 Rxc2 41. Re3+ Kd6 42. Re2 Rc1+ 43. Kf2 Ra1 44. Rd2+ Ke5 45. a5
Rb1 46. Rd7 f5 47. Ra7 Rxb4 48. Rxa6 Ra4 49. Rb6 1/2-1/2